|
|
|
|
| LEADER |
00000nam a2200000 a 4500 |
| 001 |
vtls001381104 |
| 003 |
SK-MaSNL |
| 005 |
20260301161359.0 |
| 008 |
240509s1999 xo ap r yy slo |
| 015 |
|
|
|a SNBA2000/03-00940
|
| 020 |
|
|
|a 8071376256
|c 92,00 Sk
|
| 035 |
|
|
|a SNK000335111
|
| 035 |
|
|
|a urn:nbn:sk:snk-amtkbr
|
| 035 |
|
|
|a urn:nbn:sk:snk-am00c7yk
|
| 035 |
|
|
|a 33B72132-EB43-4FE0-B07F-F909EEC735F4
|
| 040 |
|
|
|a SNK
|b slo
|c SNK
|e AACR2
|
| 041 |
0 |
|
|a slo
|
| 044 |
|
|
|a xo
|c SK
|
| 080 |
|
|
|a 681.3.06(075.8)
|2 1981
|
| 245 |
0 |
|
|a Programové vybavenie počítačov
|c D. Hrubý ... [et al.]
|
| 260 |
|
|
|a V Nitre
|b Slovenská poľnohospodárska univerzita
|c 1999
|
| 300 |
|
|
|a 103 s.
|b sch., tab.
|c 30 cm
|
| 500 |
|
|
|a 200 výt.
|
| 504 |
|
|
|a Bibliogr. s. 103
|
| 650 |
0 |
7 |
|a počítače osobné
|x programy
|2 SNK
|9 524312
|
| 655 |
|
7 |
|a Textbooks (higher)
|2 SNKPHeng
|9 276436
|
| 655 |
|
7 |
|a učebnice vysokých škôl
|2 SNKPH
|9 70191
|
| 700 |
1 |
|
|a Hrubý, Dušan,
|d 1958-
|4 aut
|9 250153
|
| 700 |
1 |
|
|a Lukáč, Ondrej,
|d 1957-
|4 aut
|9 213109
|
| 700 |
1 |
|
|a Palková, Zuzana
|4 aut
|9 40313
|
| 700 |
1 |
|
|a Pap, Miroslav
|4 aut
|9 40312
|
| 752 |
|
|
|d Nitra
|
| 919 |
|
|
|a 80-7137-625-6
|
| 958 |
|
|
|a TL
|
| 958 |
|
|
|a NB
|
| 958 |
|
|
|a UV
|
| 999 |
|
|
|c 809221
|d 811151
|
| 952 |
|
|
|t P60, <03>, [BOOK], {603}
|a SNK
|b SNK
|y PREZ
|7 0
|p 17A0224741
|o snkSB 61311
|i snkKSP 793/2000
|0 0
|1 0
|4 0
|d 2000-01-20
|f 1
|l 0
|r 2025-04-15 00:00:00
|w 2026-02-24
|
| 952 |
|
|
|t P60, <04>, [BOOK], {604}
|a SNK
|b SNK
|y VYP
|7 0
|p 17A0224742
|o snkSB 61311 D1
|i snkKSP 794/2000
|0 0
|1 0
|4 0
|d 2000-01-20
|l 0
|r 2005-01-02 00:00:00
|w 2026-02-24
|